Estatuto del fondo de desarrollo social

Guardat en:
Dades bibliogràfiques
Autor corporatiu: BCIE
Format: Text
Publicat: Tegucigalpa: Honduras Industrial
Matèries:
Etiquetes: Afegir etiqueta
Sense etiquetes, Sigues el primer a etiquetar aquest registre!

MARC

LEADER 00000 a a2200000 04500
001 15726
003
040
090 |a EXTRAVIADO  
110 |a BCIE  
245 |a Estatuto del fondo de desarrollo social  
260 |a Tegucigalpa:   |b Honduras Industrial  
300 |a 14 p.  
650 |a LEGISLACION ECONOMICA  
999 |c 4687  |d 4687